000 00629nam a2200157 i 4500
001 44650
003 ES-MaACL
005 20230906161054.0
007 t|
008 030324s1924 fr ||||1| fre d
100 1 _aCim, Albert.
_938836
245 1 3 _aLe travail intellectuel
_b: l'ordre, la clarté, l'ecriture, manies des ecrivains, l'hygiene des travailleurs, l'alcool, le café ... la mise en train, l'heure du travail, le bruit, la lumière, les facultes visuelles, eloge des matinées /
_cpar Albert Cim.
260 _aParis :
_b[s.n.,
_c1924] (
_fImp. Willaume)
300 _a188 p. ;
_c20 cm.
852 _aES-MaACL
_jF-12166
999 _c44650
_d44650